|
|
|
|
| LEADER |
01094nam a2200313Ia 4500 |
| 001 |
EBC3117789 |
| 003 |
MiAaPQ |
| 005 |
20200520144314.0 |
| 006 |
m o d | |
| 007 |
cr cn||||||||| |
| 008 |
850731s2000 xxc s 000 0 eng d |
| 020 |
|
|
|z 1552730581
|
| 035 |
|
|
|a (MiAaPQ)EBC3117789
|
| 035 |
|
|
|a (Au-PeEL)EBL3117789
|
| 035 |
|
|
|a (CaPaEBR)ebr10014729
|
| 035 |
|
|
|a (OCoLC)70766168
|
| 040 |
|
|
|a MiAaPQ
|c MiAaPQ
|d MiAaPQ
|
| 050 |
|
4 |
|a HD2752.L5
|b F89l 2000
|
| 100 |
1 |
|
|a Freund, Ernst,
|d 1864-1932.
|
| 245 |
1 |
4 |
|a The legal nature of corporations
|h [electronic resource] /
|c by Ernst Freund.
|
| 260 |
|
|
|a Kitchener, Canada :
|b Batoche,
|c 2000.
|
| 300 |
|
|
|a 67 p.
|
| 500 |
|
|
|a First published 1897.
|
| 533 |
|
|
|a Electronic reproduction. Ann Arbor, MI : ProQuest, 2015. Available via World Wide Web. Access may be limited to ProQuest affiliated libraries.
|
| 650 |
|
0 |
|a Corporation law.
|
| 650 |
|
0 |
|a Corporations.
|
| 655 |
|
4 |
|a Electronic books.
|
| 710 |
2 |
|
|a ProQuest (Firm)
|
| 856 |
4 |
0 |
|u https://ebookcentral.proquest.com/lib/matrademy/detail.action?docID=3117789
|z Click to View
|